000 00375 a2200157 4500
001 69199
020 _a8572081577
040 _cAnchieta - Itaigara
100 _aAbreu, Maria Teresa Guimarães de
240 1 0 _aNo reino da águas azuis
_lpor
245 1 0 _aNo reino da águas azuis
300 _a47
362 0 _a1996
650 4 _aLiteratura infanto-juvenil
942 _cBK
999 _c69199
_d69199